| 000 | 00477nam a2200181Ia 4500 | ||
|---|---|---|---|
| 001 | 61511 | ||
| 008 | 141120s9999 xx 000 0 und d | ||
| 020 | _a9781409428787 | ||
| 040 | _cPK-LaUMT | ||
| 082 |
_a 711.4089 _bKRA-S |
||
| 100 | _aKrase, Jerome | ||
| 245 |
_aSeeing cities change _blocal culture and class _cKrase, Jerome |
||
| 260 |
_aSurrey,England: _bAshgate Publishing, _c2012 |
||
| 300 | _a290 p. | ||
| 546 | _aEN | ||
| 650 | _aEthnic neighborhood | ||
| 942 | _cBK | ||
| 999 |
_c61954 _d61954 |
||